<?xml version="1.0" encoding="UTF-8"?>
<record
    xmlns:xsi="http://www.w3.org/2001/XMLSchema-instance"
    xsi:schemaLocation="http://www.loc.gov/MARC21/slim http://www.loc.gov/standards/marcxml/schema/MARC21slim.xsd"
    xmlns="http://www.loc.gov/MARC21/slim">

  <leader>04379nab a22006857  4500</leader>
  <controlfield tag="003">AR-RoUNA</controlfield>
  <datafield tag="022" ind1=" " ind2=" ">
    <subfield code="a">0327-9022</subfield>
  </datafield>
  <datafield tag="040" ind1=" " ind2=" ">
    <subfield code="a">AR-RoUNA</subfield>
    <subfield code="b">spa</subfield>
  </datafield>
  <datafield tag="041" ind1=" " ind2=" ">
    <subfield code="a">spa</subfield>
  </datafield>
  <datafield tag="044" ind1=" " ind2=" ">
    <subfield code="a">ag</subfield>
  </datafield>
  <datafield tag="245" ind1=" " ind2=" ">
    <subfield code="a">Summa+</subfield>
  </datafield>
  <datafield tag="260" ind1=" " ind2=" ">
    <subfield code="a">Buenos Aires (Argentina):</subfield>
    <subfield code="c">Donn SA,</subfield>
    <subfield code="b">1993.</subfield>
  </datafield>
  <datafield tag="300" ind1=" " ind2=" ">
    <subfield code="a">192 p. :</subfield>
    <subfield code="b">il. byn.</subfield>
    <subfield code="b">planos</subfield>
    <subfield code="c">34X25 cm.</subfield>
  </datafield>
  <datafield tag="505" ind1="0" ind2=" ">
    <subfield code="t">INDICE</subfield>
  </datafield>
  <datafield tag="505" ind1="0" ind2=" ">
    <subfield code="t">CULTURA - PORTO ALEGRE</subfield>
  </datafield>
  <datafield tag="505" ind1="0" ind2=" ">
    <subfield code="a">Fernando Rihl / Expresionismo arquitect&#xF3;nico. p.74</subfield>
  </datafield>
  <datafield tag="505" ind1="0" ind2=" ">
    <subfield code="a">&#xC1;lvaro Siza / Fundaci&#xF3;n Iber&#xE9; Camargo, Avenida Padre Cacique 2000. p.74</subfield>
  </datafield>
  <datafield tag="505" ind1="0" ind2=" ">
    <subfield code="t">CULTURA - SANTA ROSA </subfield>
  </datafield>
  <datafield tag="505" ind1="0" ind2=" ">
    <subfield code="a">Vivian Acu&#xF1;a / Pluralidad de forma y lectura. p.82</subfield>
  </datafield>
  <datafield tag="505" ind1="0" ind2=" ">
    <subfield code="a">Clorindo Testa, Miguel Garc&#xED;a (Direcci&#xF3;n de arquitectura de La Pampa) / Biblioteca de la C&#xE1;mara de diputados, Centro C&#xED;vico, Ciudad de Santa Rosa. p.82</subfield>
  </datafield>
  <datafield tag="505" ind1="0" ind2=" ">
    <subfield code="a">Carlos Ferrater / Geometr&#xED;as sincronizadas. p.90</subfield>
  </datafield>
  <datafield tag="505" ind1="0" ind2=" ">
    <subfield code="t">EDUCACION - ARIZONA</subfield>
  </datafield>
  <datafield tag="505" ind1="0" ind2=" ">
    <subfield code="a">Fernando Diez / Domesticando Arizona. p.96</subfield>
  </datafield>
  <datafield tag="505" ind1="0" ind2=" ">
    <subfield code="a">Machado and Silvetti Associates, Gould Evans, LLC / Vivienda estudiantiles Hassayampa. Arizona State University, Tempe. p.96</subfield>
  </datafield>
  <datafield tag="505" ind1="0" ind2=" ">
    <subfield code="t">CRECIMIENTO UNIVERSITARIO - SANTIAGO DE CHILE</subfield>
  </datafield>
  <datafield tag="505" ind1="0" ind2=" ">
    <subfield code="a">Bernstein y Klotz / Facultad de econom&#xED;a y empresa, Universidad Diego Portales, Manuel Rodr&#xED;guez. p.104</subfield>
  </datafield>
  <datafield tag="505" ind1="0" ind2=" ">
    <subfield code="a">Fernando Diez / Cuando la arquitectura revive la vida urbana. p.110</subfield>
  </datafield>
  <datafield tag="505" ind1="0" ind2=" ">
    <subfield code="a">Ricardo Abuauad Abujatum / Facultad de arquitectura, arte y dise&#xF1;o, Universidad Diego Portales, Rep&#xFA;blica 180. p.111</subfield>
  </datafield>
  <datafield tag="505" ind1="0" ind2=" ">
    <subfield code="t">RENACER DE LOS ESCOMBROS - BUENOS AIRES</subfield>
  </datafield>
  <datafield tag="505" ind1="0" ind2=" ">
    <subfield code="a">Gobierno de la ciudad aut&#xF3;noma de Buenos Aires, Secretaria de educaci&#xF3;n, Direcci&#xF3;n general de infraestructura, mantenimiento y equipamiento. Directores de DGIMyE: Luis Rey - Agust&#xED;n Garina, arqs. Convenio G.C.A.B.A - Carrefour S.A, Anteproyecto: Chiurazzi-D&#xED;az, arqs, Proyecto: Luis D&#xED;az / Escuela Federico Garc&#xED;a Lorca, Warnes y Chorroar&#xED;n, Buenos Aires. p.118</subfield>
  </datafield>
  <datafield tag="505" ind1="0" ind2=" ">
    <subfield code="a">Ram&#xF3;n Guti&#xE9;rrez y Patricia M&#xE9;ndez / Presencia Alemana en la arquitectura Rioplatense. p.146</subfield>
  </datafield>
  <datafield tag="505" ind1="0" ind2=" ">
    <subfield code="t">VOLVER A LA ESCUELA - SAN ISIDRO</subfield>
  </datafield>
  <datafield tag="505" ind1="0" ind2=" ">
    <subfield code="a">M/SG/S/S/S Arq., Dami&#xE1;n Vinson, arqs / Jard&#xED;n de infantes y EGB 1 Colegio Goethe, La Horqueta. p.124</subfield>
  </datafield>
  <datafield tag="505" ind1="0" ind2=" ">
    <subfield code="t">TERRAZAS EDUCATIVAS - BARCELONA</subfield>
  </datafield>
  <datafield tag="505" ind1="0" ind2=" ">
    <subfield code="a">Baena - Casamor - Quera arquitectes / Escuela Infantil y primaria en la Colonia G&#xFC;ell,  Santa Coloma de Cervell&#xF3;. p.130</subfield>
  </datafield>
  <datafield tag="505" ind1="0" ind2=" ">
    <subfield code="a">La escuela desde la escuela / Convocatoria de ideas 2005. p.134</subfield>
  </datafield>
  <datafield tag="505" ind1="0" ind2=" ">
    <subfield code="t">EDIFICIOS SUSTENTABLES - PROGRAMA LEED</subfield>
  </datafield>
  <datafield tag="505" ind1="0" ind2=" ">
    <subfield code="a">Patricia Canedo / Evaluaciones de calidad mental. p.142</subfield>
  </datafield>
  <datafield tag="505" ind1="0" ind2=" ">
    <subfield code="a">Mahlum Architects / The Evergreen State College, Olympia, Washington, EEUU. p.143</subfield>
  </datafield>
  <datafield tag="505" ind1="0" ind2=" ">
    <subfield code="a">Busby Perkins+Will / Centro de operaciones de la ciudad de White Rock, British Columbia, Canad&#xE1;. p.145</subfield>
  </datafield>
  <datafield tag="505" ind1="0" ind2=" ">
    <subfield code="a">Bohlin, Cywinski, Jackson / Centro de interpretaci&#xF3;n, Mill Run, Pennsylvania, EEUU. p.146</subfield>
  </datafield>
  <datafield tag="505" ind1="0" ind2=" ">
    <subfield code="a">Cayetana Merc&#xE9; / Casa Foa 2006, palabra de autor. p.148</subfield>
  </datafield>
  <datafield tag="505" ind1="0" ind2=" ">
    <subfield code="a">Cayetana Merc&#xE9; / Laboratorio de proyectos. p.164</subfield>
  </datafield>
  <datafield tag="505" ind1="0" ind2=" ">
    <subfield code="a">Carlos Ferrater Arquitecto / Edificio de viviendas, oficinas y estudio de arquitectura, Calle Balmes 145, Barcelona. p.164</subfield>
  </datafield>
  <datafield tag="505" ind1="0" ind2=" ">
    <subfield code="a">VSV Arquitectos, Marcelo Alejandro Vila, Adri&#xE1;n Claudio Sebasti&#xE1;n, Javier Pablo Vila / Estudio de arquitectura, Comodoro Rivadavia 1717, Buenos Aires. p.168</subfield>
  </datafield>
  <datafield tag="505" ind1="0" ind2=" ">
    <subfield code="a">Enrique Browne Arquitecto / Estudio de Arquitecto, Calle Los Conquistadores 2461, Providencia, Santiago de Chile. p.172</subfield>
  </datafield>
  <datafield tag="505" ind1="0" ind2=" ">
    <subfield code="a">Bernestein y Klotz arquitectos, Magdalena Bernstein y Mathias Klotz / Casa y Estudio de arquitectura, Santiago de Chile. p.174</subfield>
  </datafield>
  <datafield tag="505" ind1="0" ind2=" ">
    <subfield code="t">LAS CIUDADES Y SU REPRESENTACION - SEMINARIO</subfield>
  </datafield>
  <datafield tag="505" ind1="0" ind2=" ">
    <subfield code="a">Gabriela P&#xE9;rez del Pulgar / Muntadas en el CCEBA. p.178</subfield>
  </datafield>
  <datafield tag="505" ind1="0" ind2=" ">
    <subfield code="a">Roberto Fern&#xE1;ndez / Erskine despu&#xE9;s de la vanguardia. p.187 </subfield>
  </datafield>
  <datafield tag="505" ind1="0" ind2=" ">
    <subfield code="a">Rafael E.J. Iglesia / Di&#xE1;logo virtual: naturaleza y espacio. p.188</subfield>
  </datafield>
  <datafield tag="505" ind1="0" ind2=" ">
    <subfield code="a">Mario Sabugo / El olvido que todo destruye. p.191</subfield>
  </datafield>
  <datafield tag="505" ind1="0" ind2=" ">
    <subfield code="a">Ana Isabel Zagorodny / Encuentro con historia. p.192</subfield>
  </datafield>
  <datafield tag="650" ind1=" " ind2=" ">
    <subfield code="a">Arquitectura contempor&#xE1;nea</subfield>
  </datafield>
  <datafield tag="773" ind1="0" ind2=" ">
    <subfield code="a">Summa+</subfield>
    <subfield code="d">Buenos Aires, Argentina</subfield>
    <subfield code="g">N&#xBA;83 (octubre-2006), p.192</subfield>
    <subfield code="x">0327-9022</subfield>
  </datafield>
  <datafield tag="908" ind1=" " ind2=" ">
    <subfield code="a">Imp</subfield>
  </datafield>
  <datafield tag="942" ind1=" " ind2=" ">
    <subfield code="2">udc</subfield>
    <subfield code="c">ART</subfield>
  </datafield>
  <datafield tag="945" ind1=" " ind2=" ">
    <subfield code="d">2022-07-08</subfield>
  </datafield>
  <datafield tag="980" ind1=" " ind2=" ">
    <subfield code="6">138</subfield>
    <subfield code="a">Carolina Rainero</subfield>
    <subfield code="8">1</subfield>
    <subfield code="g">Maricel Allasia</subfield>
  </datafield>
  <datafield tag="999" ind1=" " ind2=" ">
    <subfield code="c">12051</subfield>
    <subfield code="d">12051</subfield>
  </datafield>
  <datafield tag="952" ind1=" " ind2=" ">
    <subfield code="0">0</subfield>
    <subfield code="1">0</subfield>
    <subfield code="2">udc</subfield>
    <subfield code="4">0</subfield>
    <subfield code="7">0</subfield>
    <subfield code="a">AR-RoUNA</subfield>
    <subfield code="b">AR-RoUNA</subfield>
    <subfield code="c">Heme</subfield>
    <subfield code="d">2025-07-24</subfield>
    <subfield code="l">0</subfield>
    <subfield code="p">1002701</subfield>
    <subfield code="r">2025-07-24</subfield>
    <subfield code="t">ej. 1</subfield>
    <subfield code="w">2025-07-24</subfield>
    <subfield code="y">ART</subfield>
    <subfield code="k">K6</subfield>
    <subfield code="x"></subfield>
  </datafield>
</record>
